000 00632nam a22001937a 4500
999 _c165610
_d165610
005 20190625113825.0
010 _aB-125739
020 _c995.00
_a9789386048387
035 _aEN-109271
037 _bDBAD/PUB
082 _a954.035
100 _aSingh, R.K.
245 _aSardar Patel/
_bby R.K. Singh
260 _aDelhi
_bGS Publication Distributors
_c2017
270 _aF-7, Gali No.1, Panchsheel Garden Extn.
_bNaveen Shahdara, Delhi
_e110032
_k9971733123
_mgspublisherdistributors@gmail.com
300 _aviii,296p.
_c22cm(Hb)
500 _ainclude bibliography and index
942 _2ddc
_cEN
_h954.035
_mSIN